<The> time dimension of the links between loss given default and the macroeconomy
Široký súbor makroekonomických koeficientov poukazuje na to, že môže mať s časovým oneskorením dopad na stratu z dôvodu zlyhania. Výskum vykonaný na spotrebiteľských úveroch, kreditných kartách a debetnom salde, ktoré tvoria v Českej republike 15 % maloobchodnom portfólia v r.2011-2012 Zistenie dôle...
Salvato in:
| Autore principale: | |
|---|---|
| Altri autori: | , , |
| Natura: | Capitolo di libro |
| Lingua: | inglese |
| Soggetti: | |
| Tags: |
Nessun Tag, puoi essere il primo ad aggiungerne!!
|
MARC
| LEADER | 00000nla a2200000 4500 | ||
|---|---|---|---|
| 001 | 0238729 | ||
| 005 | 20240417075130.3 | ||
| 041 | 0 | |a eng | |
| 044 | |a CZ | ||
| 245 | 1 | 0 | |a <The> time dimension of the links between loss given default and the macroeconomy |c Tomáš Konečný, Jakub Seidler, Aelita Belayeva, Konstantin Belayev |
| 520 | |a Široký súbor makroekonomických koeficientov poukazuje na to, že môže mať s časovým oneskorením dopad na stratu z dôvodu zlyhania. Výskum vykonaný na spotrebiteľských úveroch, kreditných kartách a debetnom salde, ktoré tvoria v Českej republike 15 % maloobchodnom portfólia v r.2011-2012 Zistenie dôležitých časových rozmerov medzi stratou z dôvodu zlyhania a agregátnou ekonomikou. | ||
| 610 | 2 | 0 | |a makroekonomika |
| 610 | 2 | 0 | |a ukazovatele makroekonomické |
| 610 | 2 | 0 | |a maloobchod |
| 610 | 2 | 0 | |a strata obchodná |
| 610 | 2 | 0 | |a úver spotrebiteľský |
| 610 | 2 | 0 | |a Česko |
| 100 | 1 | |a Konečný, Tomáš | |
| 700 | 1 | |a Seidler, Jakub | |
| 700 | 1 | |a Belayeva, Aelita | |
| 700 | 1 | |a Belayev, Konstantin | |